| 000 | 00604cai a22001935a 4500 | ||
|---|---|---|---|
| 001 | L156427 | ||
| 008 | 120521s2012 xxk f 000 0 eng d | ||
| 035 | _a(Sirsi) u156427 | ||
| 041 | 0 | _aeng | |
| 110 | 2 | _aUK Building Information modelling Forum | |
| 245 | 0 | 0 |
_aBIM forum _h[electronic resource] |
| 260 |
_a[S.l.] _b[s.n.] _c2012 |
||
| 520 | _aA forum for BIM presentations, webinars, software, and learning resources. | ||
| 590 | _aKA | ||
| 651 | 4 |
_aUnited Kingdom _y |
|
| 690 |
_aBIM _96219 |
||
| 856 | 4 | 0 |
_uhttps://www.bim.co.uk/forum/ _zView the forum free of charge at www.bim.co.uk |
| 942 | _n0 | ||
| 999 |
_c114250 _d114250 |
||